El evangelio según San Juan
Сохранить в:
| Главный автор: | |
|---|---|
| Формат: | |
| Язык: | испанский |
| Опубликовано: |
Barcelona
Herder
1980
|
| Предметы: | |
| Метки: |
Добавить метку
Нет меток, Требуется 1-ая метка записи!
|
MARC
| LEADER | 00000nam a2200000 a 4500 | ||
|---|---|---|---|
| 001 | UCL1257 | ||
| 003 | CL-VaPUC | ||
| 008 | 030905e19800000SP |||||||||||||||||spa|d | ||
| 020 | |a 8425411289 | ||
| 020 | |a 8425411254 | ||
| 020 | |a 8425411386 | ||
| 082 | 0 | 4 | |a 226.5 |b SCH |2 21 |
| 100 | 0 | |a Schnackenburg, Rudolf |e author |9 478163 | |
| 245 | 1 | 3 | |a El evangelio según San Juan |
| 300 | |a v | ||
| 942 | |c BK | ||
| 945 | |d 20030905 00:00:00 |a vberengu | ||
| 260 | |a Barcelona |b Herder |c 1980 | ||
| 500 | |a v.1: Introducción y Capítulos 1-4 | ||
| 500 | |a v.2: Capítulos 5-12 | ||
| 500 | |a v.3: Capítulos 13-21 | ||
| 650 | 0 | |a Nuevo testamento |9 257604 | |
| 650 | 0 | |a Evangelios |9 314864 | |
| 650 | 0 | |a Evangelistas |9 315131 | |
| 583 | |a last modification |c 20030905 00:00:00 |k Rodrigo Vera | ||
| 999 | |c 304901 |d 304899 | ||
| 952 | |0 0 |1 0 |4 0 |6 226_500000000000000_SCH_1980 |7 0 |8 A |9 367728 |a BIBTEO |b BIBTEO |d 2019-11-21 |h v.1 |i 2076578 |o 226.5 SCH 1980 |p 2076578 |r 2025-01-17 |w 2019-11-21 |y BK |k ICR | ||
| 952 | |0 0 |1 0 |4 0 |6 226_500000000000000_SCH_1980 |7 0 |8 A |9 367729 |a BIBTEO |b BIBTEO |d 2019-11-21 |h v.2 |i 2076586 |o 226.5 SCH 1980 |p 2076586 |r 2025-01-17 |w 2019-11-21 |y BK |k ICR | ||
| 952 | |0 0 |1 0 |4 0 |6 226_500000000000000_SCH_1980 |7 0 |8 A |9 367730 |a BIBTEO |b BIBTEO |d 2019-11-21 |h v.3 |i 2076594 |o 226.5 SCH 1980 |p 2076594 |r 2025-01-17 |w 2019-11-21 |y BK |k ICR | ||